000 01072nam0a22002411 4500
001 rc\128893
005 20260406185845.0
035 _a(NLR Aleph) 005403954
090 _a7302743
_c7302743
100 _a20030307d1992 |||y0rusy50 ca
101 0 _arus
102 _aRU
105 _aa |||||||||
200 1 _aБанковское дело в ФРГ
_eУчеб. пособие по изуч. фин.-кредит. лексики нем. яз.
_fСанкт-Петербург. гос. техн. ун-т. Каф. иностр. яз.
_gАвт.-сост. Е.А. Зачевский
210 _aСПб.
_cСПбГТУ
_d1992
215 _a131 с.
_cил.
_d20
702 1 _aЗачевский
_bЕ.А.
_gЕвгений Александрович
_4220
712 0 2 _aСанкт-Петербургский государственный технический университет
_bКафедра иностранных языков
_3RU\NLR\AUTH\889951593
_9399138
801 0 _aRU
_bNLR
_gpsbo
801 1 _aRU
_bELAR
_2rusmarc
852 _aNLR
_j92-3/5013
942 _cBOOK
980 _aNB